Los antípodas: el origen de los indios en la razón política del siglo XVI
Saved in:
| Hovedforfatter: | |
|---|---|
| Format: | Bog |
| Sprog: | spansk |
| Udgivet: |
Puebla
Benemérita Universidad Autónoma de Puebla
2001
|
| Fag: | |
| Tags: |
Tilføj Tag
Ingen Tags, Vær først til at tagge denne postø!
|
MARC
| LEADER | 00000nam a2200000 a 4500 | ||
|---|---|---|---|
| 001 | UCM0415 | ||
| 003 | CL-VaPUC | ||
| 008 | 020301e20010000MX |||||||||||||||||spa|d | ||
| 082 | 0 | 4 | |a 305.8 |b MAR |2 21 |
| 100 | |a Martínez Terán, Teresa |e autora |9 467161 | ||
| 245 | 1 | 4 | |a Los antípodas: el origen de los indios en la razón política del siglo XVI |
| 300 | |a 223 p | ||
| 942 | |c BK | ||
| 945 | |d 20020301 00:00:00 |a cmena | ||
| 260 | |a Puebla |b Benemérita Universidad Autónoma de Puebla |c 2001 | ||
| 650 | 7 | |a GRUPOS ETNICOS |2 CL-VaPUC |9 324200 | |
| 650 | 7 | |a GRUPOS RACIALES |2 CL-VaPUC |9 324199 | |
| 650 | 7 | |a TEORIAS DE LA EVOLUCION |2 CL-VaPUC |9 467162 | |
| 650 | 0 | |a Filosofía europea |9 347047 | |
| 650 | 0 | |a Filosofía medieval |9 256245 | |
| 650 | 7 | |a POLITICA EUROPEA |2 CL-VaPUC |9 467163 | |
| 583 | |a last modification |c 20121002 11:40:36 |k Rodrigo Vera | ||
| 999 | |c 299323 |d 299321 | ||
| 952 | |0 0 |1 0 |4 0 |6 305_800000000000000_MAR_2001 |7 0 |8 A |9 355799 |a FDOPOS |b FDOPOS |d 2019-11-21 |i 3790436 |o 305.8 MAR 2001 |p 3790436 |r 2023-08-09 |w 2019-11-21 |y BK |k MLA | ||